[Event "GCT Cote d Ivoire Rapid 2019"]
[Site "Abidjan"]
[Date "2019.05.09"]
[Round "4.4"]
[White "So, Wesley"]
[Black "Ding, Liren"]
[Result "1/2-1/2"]
[WhiteElo "2772"]
[BlackElo "2786"]
[Annotator "TA"]
[PlyCount "74"]
[EventDate "2019.05.05"]
[EventType "tourn"]
[SourceTitle "playchess.com"]
[Source "ChessBase"]
[SourceQuality "1"]

{[%evp 15,74,20,15,3,6,0,0,10,14,12,31,0,17,9,16,21,22,8,16,10,19,6,18,34,40,20,20,8,18,2,16,0,0,0,0,0,0,-63,-57,-65,-12,-24,-25,-18,0,0,0,0,0,0,0,0,0,0,0,0,0,0,0,0,0]} 1. e4 e5 2. Nf3 Nc6 3. Bb5 a6 4. Ba4 Nf6 5. O-O Be7 6. Re1 b5 7. Bb3 O-O 8. d3 d6 9. Bd2 {C88: Closed Ruy Lopez: Anti-Marshall Systems} Bg4 10. c3 Na5 11. Bc2 c5 12. h3 Bd7 (12... Bh5 13. Bc1 Nc6 14. Nbd2 d5 15. Nf1 dxe4 16. dxe4 Qxd1 17. Bxd1 {1-0 (79) Harikrishna,P (2723)-Ding,L (2809) Shenzhen 2019}) 13. Bg5 h6 $146 ({Predecessor:} 13... Qb6 14. d4 exd4 15. cxd4 cxd4 16. Qxd4 Qxd4 17. Nxd4 Nc6 18. Nf3 Nb4 {0-1 (49) Horvath,J (1239)-Petrek,D (1464) Liptovsky Mikulas 2017}) 14. Bh4 Nc6 15. Nbd2 Be6 16. d4 cxd4 17. cxd4 exd4 18. Nb3 Nh5 19. Bxe7 ({Much weaker is} 19. Nfxd4 Bxh4 20. Nxc6 Qg5 $15) 19... Qxe7 20. Nbxd4 Nxd4 21. Nxd4 Nf4 22. Qf3 Qg5 23. Nf5 Bxf5 24. exf5 {[#] aiming for h4!} Rac8 25. Bb3 {And now Re4 would win.} Qxf5 26. Re7 (26. Rad1 $11) 26... d5 $15 27. Rae1 Qf6 (27... Rc6 $1 $15) 28. h4 Rc6 ({But not} 28... Qxh4 $2 29. g3 $18) 29. R7e3 Rd8 {The position is equal.} 30. g3 {[#] Strongly threatening Re8+.} Ne6 31. Bxd5 Qxf3 32. Bxf3 Rc2 33. R1e2 Rxe2 34. Rxe2 Nd4 35. Re3 Nxf3+ 36. Rxf3 Rd2 37. Ra3 Rxb2 {Accuracy: White = 49%, Black = 61%.} 1/2-1/2

[Event "GCT Cote d Ivoire Rapid 2019"]
[Site "Abidjan"]
[Date "2019.05.09"]
[Round "4.5"]
[White "Nepomniachtchi, Ian"]
[Black "Amin, Bassem"]
[Result "1-0"]
[WhiteElo "2776"]
[BlackElo "2683"]
[Annotator "TA"]
[PlyCount "63"]
[EventDate "2019.05.05"]
[EventType "tourn"]
[SourceTitle "playchess.com"]
[Source "ChessBase"]
[SourceQuality "1"]

{[%evp 15,63,11,31,34,34,39,36,26,27,31,49,36,60,33,33,32,41,35,38,-14,22,0,5,0,0,0,0,0,0,0,0,0,0,0,0,0,56,50,76,98,115,108,393,393,367,234,842,816,982,914]} 1. e4 e5 2. Nf3 Nc6 3. Bb5 a6 4. Ba4 Nf6 5. O-O Be7 6. d3 d6 7. c3 O-O 8. Re1 Re8 9. h3 {C84: Closed Ruy Lopez: Unusual White 6th moves} b5 (9... Bf8 10. c4 Bd7 11. Be3 Nb8 12. Nc3 Bxa4 13. Qxa4 Nbd7 14. a3 Nc5 15. Qc2 c6 16. Rad1 Qc7 {1-0 (45) Grandelius,N (2694)-Naiditsch,A (2710) Astana 2019}) 10. Bc2 Bf8 11. Bg5 {White is slightly better.} h6 12. Bh4 Bb7 $146 ({Predecessor:} 12... g5 13. Bg3 Bg7 14. Nbd2 {1-0 (39) Vaz Lacuesta,L (2134)-Carvalho,G (2174) Uruguay 2017}) 13. Nbd2 g6 14. Nf1 Bg7 15. Ne3 Qd7 16. a4 Nd8 {[%cal Bc6d8,Bd8e6,Be6c5,Bc5a4][%mdl 32]} 17. Nh2 (17. axb5 $14 axb5 18. Qd2) 17... h5 18. Qf3 Nh7 $1 19. Nhf1 Ne6 20. Nd5 Bxd5 21. exd5 Nc5 {[%cal Rc5a4]} 22. axb5 axb5 23. Rxa8 Rxa8 24. d4 Na4 $1 25. dxe5 dxe5 ({Black should try} 25... Bxe5 $11 26. Ra1 Qe8) 26. d6 $14 Rc8 27. dxc7 Qxc7 28. Ne3 $36 {[%mdl 2048] Keeping Black busy.} Kh8 $2 {[%mdl 8192]} (28... Nb6 $16 {was worth a try.}) 29. Nd5 $18 Qb7 30. Be4 {Ne7 is the strong threat.} f5 $2 {[#]} (30... Qd7 31. Ne7 Rf8) 31. Ne7 $1 {[%mdl 64] Discovered Attack} fxe4 32. Qf7 {Accuracy: White = 64%, Black = 39%.} 1-0

[Event "GCT Cote d Ivoire Rapid 2019"]
[Site "Abidjan"]
[Date "2019.05.09"]
[Round "5.1"]
[White "Carlsen, Magnus"]
[Black "Vachier-Lagrave, Maxime"]
[Result "1-0"]
[WhiteElo "2867"]
[BlackElo "2792"]
[Annotator "TA"]
[PlyCount "83"]
[EventDate "2019.05.05"]
[EventType "tourn"]
[SourceTitle "playchess.com"]
[Source "ChessBase"]
[SourceQuality "1"]

{[%evp 23,83,54,78,63,72,33,36,32,43,38,51,39,104,89,89,99,95,77,70,53,59,51,60,58,57,61,64,68,60,78,62,77,84,47,47,47,72,60,66,16,29,8,8,8,633,633,633,625,683,559,903,900,875,834,5222,837,29994,29991,29991,29992,29992,29990]} 1. e4 c5 2. Nf3 d6 3. d4 cxd4 4. Nxd4 Nf6 5. Nc3 a6 6. Be3 Ng4 7. Bg5 h6 8. Bh4 g5 9. Bg3 Bg7 10. Qd2 Nc6 11. Nb3 Be6 12. h4 gxh4 13. Bxh4 {B90: Sicilian Najdorf: Unusual White 6th moves, 6 Be3 Ng4 and 6 Be3 e5} b5 (13... Rc8 14. f3 Nge5 15. Nd5 Ng6 16. c3 Nxh4 17. Rxh4 b5 18. Rh1 Rg8 19. Nf4 Qb6 20. Nxe6 fxe6 {0-1 (86) Kuybokarov,T (2519)-Inarkiev,E (2692) Sharjah 2019}) 14. f4 b4 15. Na4 $1 {White is slightly better.} Qc7 $146 ({Predecessor:} 15... Bd7 16. Be2 h5 17. a3 a5 18. axb4 axb4 19. O-O Qb8 {1-0 (32) Leconte,J (2405)-Mertens,M ICCF corr 1997}) 16. O-O-O Rb8 17. Kb1 Na5 (17... Bd7 $14) 18. Nxa5 Qxa5 19. b3 Qc7 20. Be2 {aiming for f5.} h5 21. f5 Bd7 $1 22. Bxg4 $1 hxg4 {[#]} 23. Qg5 $1 {[%csl Gh4][%cal Rg5e7][%mdl 512]} Bf6 24. Qxg4 Bxa4 $1 25. Bxf6 {[%mdl 64] Discovered Attack} Rxh1 26. Rxh1 $40 {[%mdl 128] White attacks with force.} exf6 27. bxa4 $14 {[%mdl 4096] Endgame Hoping for Qg8+. KQR-KQR} Ke7 28. Qf3 Rc8 29. Qd3 a5 30. Rd1 Rg8 31. Qe2 Rg3 $1 32. Qf2 Ra3 33. g4 Rxa4 $2 {[%mdl 8192] [#]} (33... Qc5 $11 34. Qxc5 dxc5) 34. g5 $1 $18 {[%mdl 512]} fxg5 35. f6+ Ke8 {White must now prevent ...Qc4.} 36. Qe2 {Strongly threatening e5!} b3 37. axb3 Rb4 {[#]} 38. e5 $1 {[%mdl 512]} dxe5 {[#]} 39. Rd5 (39. Qh2 $142 $1 {[%mdl 512]} Rh4 40. Qg3) 39... Kf8 40. Qh5 {[%cal Rh5h8] White mates.} Rh4 41. Qxg5 Rh7 42. Qd2 {Accuracy: White = 67%, Black = 48%.} 1-0

[Event "GCT Cote d Ivoire Rapid 2019"]
[Site "Abidjan"]
[Date "2019.05.09"]
[Round "5.2"]
[White "Amin, Bassem"]
[Black "Nakamura, Hikaru"]
[Result "1-0"]
[WhiteElo "2683"]
[BlackElo "2805"]
[Annotator "TA"]
[PlyCount "169"]
[EventDate "2019.05.05"]
[EventType "tourn"]
[SourceTitle "playchess.com"]
[Source "ChessBase"]
[SourceQuality "1"]

{[%evp 17,169,20,44,0,0,9,0,0,1,0,13,11,12,9,10,0,0,0,0,0,8,0,37,40,65,13,11,-18,-14,-22,0,-5,0,-27,-27,-85,-77,-60,-62,-64,-66,-140,-134,-135,-105,-137,-79,-77,-76,-71,-74,-83,-7,-7,-6,-6,-6,-6,-7,-164,-169,-150,-85,-99,-106,-296,-277,-284,-233,-213,-52,-30,-29,-25,-31,-18,0,0,0,0,0,-6,-6,-60,-39,-37,-8,-19,0,-15,-20,-35,-14,-14,0,0,28,-8,0,0,0,0,0,0,437,504,502,494,456,380,376,341,438,420,402,391,384,398,394,398,387,370,376,353,321,66,502,496,500,450,673,656,669,656,708,706,670,652,771,752,771,771,728,708,680,671,29959,29965,29986,29981,29985,29986,29987,29988]} 1. e4 c5 2. Nf3 e6 3. d3 Nc6 4. g3 g6 5. Bg2 Bg7 6. O-O d6 7. c3 Nf6 8. Re1 O-O 9. d4 e5 10. dxc5 {A04: Unusual lines after 1 Nf3 and King's Indian Attack} (10. d5 $5 {[%cal Rd5c6]} Ne7 11. a4 $14) (10. d5 Ne7 11. a4 Ne8 12. a5 f5 13. c4 fxe4 14. Ng5 Nf5 15. Nc3 e3 16. Nge4 exf2+ 17. Nxf2 Bh6 {0-1 (43) Djuric,S (2527)-Nenezic,M (2569) Belgrade 2016}) 10... dxc5 11. Qxd8 Rxd8 12. Na3 {The position is equal.} Ne8 13. Bf1 $146 ({Predecessor:} 13. Be3 Bf8 14. Rad1 Be6 15. b3 f6 16. Bf1 Nc7 17. Nb5 Nxb5 18. Bxb5 Rxd1 19. Rxd1 a6 20. Be2 b5 21. Ne1 Rd8 {½-½ (20) Ceballos,J (1757)-Nunez V,G (2226) Tunja 2018}) 13... f6 14. Bc4+ Kf8 15. Be3 b6 16. Bd5 Bd7 17. Nb5 Rab8 18. a4 a6 19. Na3 Ne7 20. Bb3 Nc6 {[%cal Be7c6,Bc6a5,Ba5b7,Bb7d6][%mdl 32]} 21. Nd2 (21. Nc4 $14) 21... Nc7 $11 22. f4 Bh6 23. Kg2 Na5 {aiming for ...exf4.} 24. Bc2 Bc6 25. b4 Nb7 26. Ndc4 (26. Nac4 $11) 26... exf4 $17 27. gxf4 b5 28. axb5 axb5 {...cxb4 is the strong threat.} 29. Nb6 (29. Na5 $15 Nxa5 30. bxa5) 29... cxb4 $1 30. cxb4 Nd6 31. Kg3 Bxe4 (31... Ne6 $142 32. Nd5 Nxe4+ $1 {[%mdl 512]} 33. Bxe4 Bxd5) 32. Bc5 Bxc2 33. Nxc2 Kg8 34. Nd4 Nc4 (34... Nc8 $1 $17 35. Nxc8 Rbxc8) 35. Nxc4 $11 bxc4 {[%cal Bb5c4,Bc4c3][%mdl 32]} 36. Nc6 $132 {[%mdl 2048] White is not keeping still} Rd3+ 37. Kf2 Rb7 {And now ...c3 would win.} 38. f5 $2 (38. Na5 $11 {and White stays safe.} Rb8 39. Nc6) 38... c3 $1 $19 ({Don't take} 38... gxf5 39. Na5 $15) 39. Re2 Bf8 (39... Bf4 $142 40. Rg1 g5) 40. Bxf8 $17 Kxf8 41. fxg6 $2 (41. Re7 $17 {is the only way for White.}) 41... hxg6 $19 42. Ra5 Rb6 43. Rc5 Ne8 $2 (43... Rb5 $19 44. Ne5 Rxc5 45. Nxd3 Rc4) 44. Ne7 $1 $15 Kf7 45. Nd5 Rb7 46. b5 Nd6 47. Nxc3 g5 48. Kg2 Kg6 49. Rb2 Nf5 50. Ne4 (50. Rc6 $11) 50... Ne3+ 51. Kg1 Re7 (51... Rd4 $5 {[%cal Rd4e4]} 52. Nf2 Rc4 $15) 52. Nf2 $1 {[%cal Rf2d3]} Ra3 {Threatens to win with ...Ra1+.} 53. Rc1 Rb7 54. h3 Ra5 55. Rc5 Nf5 56. Ne4 {Strongly threatening Rxf5!} Nd4 {[%cal Rb7b5]} 57. Nd6 (57. b6 $5 {[%cal Rc5a5]} Nf3+ 58. Kf1 Ra1+ 59. Kf2 $14) 57... Rd7 58. Nc4 Ra1+ 59. Kf2 Rh7 60. b6 Ra8 $2 {[%mdl 8192]} (60... Rh1 $11) 61. b7 $18 Rb8 62. Nd6 Rxh3 63. Rb4 Rh2+ {[#]} 64. Kf1 $1 Rh1+ 65. Kg2 Rd1 66. Rc8 Rd2+ 67. Kf1 Nf3 {[#]} 68. Rb3 $1 ({Inferior is} 68. Rxb8 Nh2+ 69. Kg1 Nf3+ 70. Kf1 Nh2+ 71. Kg1 Nf3+ 72. Kf1 $11) 68... Rxb7 69. Nxb7 g4 70. Nc5 Rc2 {White must now prevent ...Nd2+.} 71. Rd3 $2 (71. Re3 $18) 71... Kf5 $2 {[%mdl 8192]} ({Black should play} 71... Nd2+ $1 $14 72. Ke1 Ne4) 72. Nb7 Rb2 73. Nd6+ Ke6 (73... Kg6 $142 74. Rg8+ Kh7) 74. Re8+ Kd7 75. Re2 {White threatens Ne8+ and mate.} Rb1+ 76. Kf2 Ne5 77. Rdd2 Kc6 78. Ne4 Rb3 79. Rd6+ Kb5 80. Rxf6 Nd3+ 81. Kg2 Ra3 82. Rf5+ {White mates.} Kc4 83. Nf2 Nb4 84. Re4+ Kc3 85. Re3+ {Accuracy: White = 54%, Black = 47%.} 1-0

[Event "GCT Cote d Ivoire Rapid 2019"]
[Site "Abidjan"]
[Date "2019.05.09"]
[Round "5.3"]
[White "Wei, Yi"]
[Black "So, Wesley"]
[Result "1/2-1/2"]
[WhiteElo "2737"]
[BlackElo "2772"]
[Annotator "TA"]
[PlyCount "116"]
[EventDate "2019.05.05"]
[EventType "tourn"]
[SourceTitle "playchess.com"]
[Source "ChessBase"]
[SourceQuality "1"]

{[%evp 20,116,15,20,18,15,14,20,16,18,27,0,0,0,0,0,19,22,28,29,22,17,13,24,16,16,16,15,16,-2,-4,-4,-5,-3,-3,-3,-10,-3,-2,-2,-5,-5,-4,-16,-10,-9,-5,-12,-10,-25,0,-7,-5,-26,-26,-28,0,0,0,0,0,0,0,-10,0,0,0,0,0,0,0,0,0,0,0,0,0,0,0,0,0,-8,0,-25,0,0,0,0,0,0,0,0,0,0,0,0,0,0,0]} 1. d4 Nf6 2. c4 e6 3. g3 d5 4. Bg2 dxc4 5. Nf3 c5 6. O-O Nc6 7. dxc5 Qxd1 8. Rxd1 Bxc5 9. Nbd2 {[%cal Bb1d2,Bd2b3,Bb3a5,Ba5c6][%mdl 32]} c3 10. bxc3 O-O 11. Nb3 Be7 {E04: Open Catalan: 5 Nf3} 12. Nfd4 Nxd4 13. cxd4 Nd5 14. Bb2 f5 {[#]} 15. Na5 $146 ({Predecessor:} 15. a4 b6 16. Ba3 Bxa3 17. Rxa3 Ba6 18. e3 Rac8 19. a5 {½-½ (48) Jumabayev,R (2609)-Naiditsch,A (2710) Astana 2019}) 15... b6 16. Nc6 Bd6 17. Rac1 Ba6 18. Re1 Bb7 19. e4 fxe4 20. Rxe4 Kf7 21. Bh3 Rfe8 $1 22. Ne5+ Bxe5 23. Rxe5 Rad8 24. Ba3 Nf6 25. Rc7+ Rd7 26. Rxd7+ Nxd7 27. Re1 Nf6 28. Rc1 {[#] Strongly threatening Rc7+.} Rc8 29. Rxc8 Bxc8 $11 {[%mdl 4096] Endgame KBB-KBN} 30. Bf1 Bb7 31. Bb2 Bd5 32. a3 Ne4 33. Be2 Nd2 34. Bc3 Ne4 35. Bb2 Nd6 36. f3 Bc4 37. Bd1 $1 g6 38. Kf2 Ke7 39. Bc2 Bd5 40. Bd3 a5 41. h4 Bc4 42. Bc2 Bd5 43. g4 Nc4 44. Bc1 b5 45. h5 Kf7 46. hxg6+ hxg6 47. Bd3 b4 48. axb4 axb4 49. Bxc4 Bxc4 {KB-KB} 50. f4 Kf6 51. g5+ Kf5 {Black wants to play ...Ke4.} 52. Ke3 {The position is equal.} b3 53. Kd2 Ke4 54. Kc3 Bd5 55. Bd2 Kf3 56. Bc1 Ke2 57. Ba3 Ke3 58. Bd6 Ke2 {Accuracy: White = 63%, Black = 75%.} 1/2-1/2

[Event "GCT Cote d Ivoire Rapid 2019"]
[Site "Abidjan"]
[Date "2019.05.09"]
[Round "5.4"]
[White "Topalov, Veselin"]
[Black "Karjakin, Sergey"]
[Result "1/2-1/2"]
[WhiteElo "2736"]
[BlackElo "2773"]
[Annotator "TA"]
[PlyCount "59"]
[EventDate "2019.05.05"]
[EventType "tourn"]
[SourceTitle "playchess.com"]
[Source "ChessBase"]
[SourceQuality "1"]

{[%evp 12,59,11,18,27,27,27,27,29,9,26,0,0,0,0,0,10,2,14,0,0,0,0,-10,-9,-9,0,-14,0,-12,-12,-26,0,0,0,0,11,7,8,12,25,0,0,0,0,0,0,0,0,0]} 1. d4 Nf6 2. c4 e6 3. Nf3 d5 4. Nc3 Bb4 5. cxd5 exd5 6. Bg5 h6 7. Bh4 O-O {D38: Queen's Gambit Declined: Ragozin Defence (4 Nf3 Bb4)} 8. e3 Bf5 9. Qb3 Bxc3+ {White has an edge.} 10. Qxc3 (10. bxc3 {with more complications.} Nbd7 11. Qxb7 Rb8 12. Qxa7 Ra8 13. Qb7) 10... Nbd7 11. Bd3 $146 ({Predecessor:} 11. Be2 c6 12. Nd2 Ne4 13. Nxe4 Qxh4 14. Nd6 Bg4 15. g3 {½-½ (30) Mamedyarov,S (2820)-Carlsen,M (2839) Porto Carras 2018}) 11... Bxd3 12. Qxd3 c6 13. O-O a5 {[%cal Ba7a5,Ba5a4][%mdl 32]} 14. Rac1 Re8 15. Rc2 Qb6 16. Nd2 Ne4 17. f3 Nxd2 18. Qxd2 a4 19. Rb1 Qa6 20. h3 Nb6 21. Qc3 Nc4 22. e4 Qa5 23. Qd3 Qb6 24. Bf2 Ra5 25. Re2 Rb5 {[%cal Rc4b2]} 26. Qc3 Qa5 {[#] And now ...Qxc3 would win.The position is equal.} 27. Qc2 Qb6 {Strongly threatening ...Na3!} 28. Qc3 Qa5 29. Qc2 Qb6 {White must now prevent ...Na3!} 30. Qc3 {Accuracy: White = 41%, Black = 73%.} 1/2-1/2

[Event "GCT Cote d Ivoire Rapid 2019"]
[Site "Abidjan"]
[Date "2019.05.09"]
[Round "5.5"]
[White "Ding, Liren"]
[Black "Nepomniachtchi, Ian"]
[Result "1-0"]
[WhiteElo "2786"]
[BlackElo "2776"]
[Annotator "RC"]
[PlyCount "101"]
[EventDate "2019.05.05"]
[EventType "tourn"]
[SourceTitle "playchess.com"]
[Source "ChessBase"]
[SourceQuality "1"]
[TimeMode "Bronstein"]
[TimeControl "1500+10"]

1. d4 {[%emt 0:00:00]} Nf6 {[%emt 0:00:00]} 2. c4 {[%emt 0:00:00]} g6 {[%emt 0:00:00]} 3. f3 {[%emt 0:00:00]} c5 {[%emt 0:00:00]} 4. d5 {[%emt 0:00:00]} e6 {[%emt 0:00:00]} 5. e4 {[%emt 0:00:00]} d6 {[%emt 0:00:00]} 6. Nc3 {[%emt 0:00:00]} Bg7 {[%emt 0:00:00]} 7. Nge2 {[%emt 0:00:00]} exd5 {[%emt 0:00:00]} 8. cxd5 {[%emt 0:00:00]} a6 {[%emt 0:00:00]} 9. a4 {[%emt 0:00:00]} O-O {[%emt 0:00:00]} 10. Ng3 {[%emt 0:00:00]} Nbd7 {[%emt 0:00:00]} 11. Be2 {[%emt 0:00:00]} Ne8 {[%emt 0:00:02]} 12. O-O {[%emt 0:00:00]} Rb8 {[%emt 0:00:03]} 13. Re1 {[%emt 0:00:00]} Nc7 {[%emt 0:00:04]} 14. Bf4 {[%emt 0:00:00]} Qe7 {[%emt 0:00:26]} 15. Qd2 {[%emt 0:00:00]} Re8 {[%emt 0:00:11]} 16. a5 {[%emt 0:05:29]} b5 {[%emt 0:00:10]} 17. axb6 {[%emt 0:00:10]} Rxb6 {[%emt 0:00:10]} 18. Ra5 {[%emt 0:00:20]} Rb4 {[%emt 0:00:40]} 19. Nf1 {[%emt 0:00:39]} Nb5 {[%emt 0:00:49]} 20. Nxb5 {[%emt 0:00:42]} axb5 {[%emt 0:00:41]} 21. Rxb5 {[%emt 0:00:10]} Rd4 {[%emt 0:00:10]} 22. Qa5 {[%emt 0:01:00]} f5 {[%emt 0:00:10]} 23. Qc7 {[%emt 0:00:30]} Be5 {[%emt 0:05:08]} 24. Bxe5 {[%emt 0:01:38]} Qxe5 {[%emt 0:00:10]} 25. Ra5 {[%emt 0:00:10]} Rb4 {[%emt 0:01:20]} 26. Ra8 {[%emt 0:01:17]} Nb6 {[%emt 0:00:59]} 27. Raa1 {[%emt 0:04:48]} fxe4 {[%emt 0:00:50]} 28. fxe4 {[%emt 0:00:10]} Rxe4 {[%emt 0:01:18]} 29. Qxb6 {[%emt 0:00:10]} Rxe2 {[%emt 0:00:10]} 30. Rxe2 {[%emt 0:00:10]} Qxe2 {[%emt 0:00:10]} 31. Qxd6 {[%emt 0:00:21]} Qxb2 {[%emt 0:01:10]} 32. Rd1 {[%emt 0:00:10]} c4 {[%emt 0:03:41]} 33. Qc6 {[%emt 0:00:19]} Rf8 {[%emt 0:01:35]} 34. Qxc4 {[%emt 0:00:10]} Qf2+ {[%emt 0:00:10]} 35. Kh1 {[%emt 0:00:10]} Bg4 {[%emt 0:03:31]} 36. d6+ {[%emt 0:00:10]} Rf7 {[%emt 0:00:57]} 37. Rb1 {[%emt 0:01:07]} Be2 {[%emt 0:00:23]} 38. Qc8+ {[%emt 0:00:37]} Rf8 {[%emt 0:01:32]} 39. Qe6+ {[%emt 0:00:10]} Kg7 {[%emt 0:00:10]} 40. Qe5+ {[%emt 0:00:11]} Kg8 {[%emt 0:00:28]} 41. Ne3 {[%emt 0:00:26]} Bf3 {[%emt 0:01:31]} 42. h3 {[%emt 0:00:10]} Bc6 {[%emt 0:00:10]} 43. Nd5 {[%emt 0:02:11]} Re8 {[%emt 0:00:38]} 44. Nf6+ {[%emt 0:01:36]} Kf8 {[%emt 0:00:10]} 45. Nxh7+ Kg8 46. Nf6+ {[%emt 0:00:10]} Kf8 {[%emt 0:00:10]} 47. Qg5 {[%emt 0:00:57]} Re6 {[%emt 0:00:10]} 48. d7 {[%emt 0:00:11]} Re1+ {[%emt 0:00:14]} 49. Rxe1 {[%emt 0:00:10]} Qxe1+ {[%emt 0:00:10]} 50. Kh2 {[%emt 0:00:10]} Ke7 {[%emt 0:00:12]} 51. Qc5+ {[%emt 0:00:10]} 1-0

[Event "GCT Cote d Ivoire Rapid 2019"]
[Site "Abidjan"]
[Date "2019.05.09"]
[Round "6.1"]
[White "Nakamura, Hikaru"]
[Black "Ding, Liren"]
[Result "1-0"]
[WhiteElo "2805"]
[BlackElo "2786"]
[Annotator "TA"]
[PlyCount "75"]
[EventDate "2019.05.05"]
[EventType "tourn"]
[SourceTitle "playchess.com"]
[Source "ChessBase"]
[SourceQuality "1"]

{[%evp 19,75,14,15,9,10,-8,12,10,6,5,17,17,26,22,24,28,24,16,13,13,13,13,13,10,8,16,14,0,8,0,10,8,7,8,14,18,29,14,156,156,315,312,477,477,455,472,455,454,510,507,502,497,489,485,476,471,484,476]} 1. e4 e5 2. Nf3 Nc6 3. Bb5 a6 4. Ba4 Nf6 5. O-O Be7 6. Re1 b5 7. Bb3 O-O 8. a4 b4 9. d4 d6 10. dxe5 Nxe5 11. Nbd2 {C88: Closed Ruy Lopez: Anti-Marshall Systems} Nfd7 (11... Bb7 12. Nxe5 dxe5 13. Qf3 Kh8 14. Nc4 Bxe4 15. Qh3 Qc8 16. Qxc8 Raxc8 17. Bg5 Bd5 18. Rxe5 Be6 {½-½ (48) Howell,D (2693)-Onischuk,A (2647) Astana 2019}) 12. Nd4 {Black should prevent f4.} Nc5 13. Bd5 {The position is equal.} Rb8 14. Nc4 {[#] Black must now prevent Nxe5.} Bg4 15. Qd2 Nxc4 16. Bxc4 Bd7 17. b3 Bf6 18. Bb2 c6 19. Rad1 $146 Qb6 20. Ba1 a5 21. Nf3 {Threatens to win with Bxf6.} Bxa1 22. Rxa1 Rbd8 23. Rad1 Be6 24. Bf1 d5 25. exd5 Bxd5 26. Qe3 Nd7 27. Nd4 Nf6 28. Qf4 {With the idea Nf5.} Be4 (28... Rde8 $11 {keeps the balance.}) 29. Rxe4 $16 {Hoping for Ree1.} Nxe4 $2 (29... c5 $16 {might work better.}) 30. Qxe4 $18 Rfe8 (30... g6 $142) 31. Nxc6 {[%mdl 64] [#] Discovered Attack. White is clearly winning.} Rxe4 32. Rxd8+ Qxd8 33. Nxd8 Re1 34. Nc6 Rc1 35. Nxa5 Rxc2 36. g3 Kf8 37. Bc4 Ke8 38. Nb7 {Accuracy: White = 89%, Black = 55%.} 1-0

[Event "GCT Cote d Ivoire Rapid 2019"]
[Site "Abidjan"]
[Date "2019.05.09"]
[Round "6.2"]
[White "Carlsen, Magnus"]
[Black "Topalov, Veselin"]
[Result "1/2-1/2"]
[WhiteElo "2867"]
[BlackElo "2736"]
[Annotator "TA"]
[PlyCount "81"]
[EventDate "2019.05.05"]
[EventType "tourn"]
[SourceTitle "playchess.com"]
[Source "ChessBase"]
[SourceQuality "1"]

{[%evp 21,81,0,12,-6,17,14,18,-17,0,0,18,12,22,26,23,0,3,0,0,0,0,0,0,0,0,0,0,0,0,0,0,0,0,-3,0,-4,-2,-11,0,0,0,-6,0,0,0,-8,-14,-10,-9,-13,0,0,0,0,0,0,0,0,0,0,0,0]} 1. e4 e5 2. Nf3 Nc6 3. Nc3 Nf6 4. d4 exd4 5. Nxd4 Bb4 6. Nxc6 bxc6 7. Bd3 O-O 8. O-O d5 9. exd5 cxd5 10. Bg5 c6 11. Qf3 h6 12. Bf4 {C47: Scotch Four Knights and Four Knights with 4 g3} (12. Bxf6 Qxf6 13. Qxf6 gxf6 14. Ne2 Bd6 15. Nd4 c5 16. Nf5 Bxf5 17. Bxf5 Be5 18. Rad1 Bxb2 19. Rxd5 Bd4 20. c3 Bxc3 21. Rxc5 Bd4 22. Rc4 Rfd8 23. Rfc1 Bb6 24. Rc8 Raxc8 25. Rxc8 Rxc8 26. Bxc8 {½-½ (26) Ganguly,S (2650)-Harikrishna,P (2744) Riadh 2017}) 12... g5 $146 ({Predecessor:} 12... Bd6 13. h3 Be6 14. Rad1 Bxf4 15. Qxf4 Qb8 16. Qxb8 Raxb8 17. b3 Rfe8 18. Rfe1 Kf8 19. Na4 Ke7 20. c4 Kd6 21. Re2 Rbd8 22. cxd5 Bxd5 {1-0 (62) Iljiushenok,I (2485)-Pavlov,M (2505) Sochi 2015}) 13. Be5 Ng4 14. Bd4 {[#] Hoping for h3.} Qd6 {[%csl Gg4][%cal Rd6h2]} 15. Qg3 Qxg3 16. hxg3 f6 17. Na4 Re8 18. f4 Kf7 {The position is equal.} 19. Nc5 a5 20. Rf3 Bxc5 21. Bxc5 Ba6 22. Bf5 Bc8 23. Bd3 Ba6 24. Bf5 Bc8 25. Bxg4 (25. Bh7 {is more complex.} Kg7 26. Bd3 Ba6 27. Bf5 Bc8 28. Bd3) 25... Bxg4 26. Rf2 a4 27. Raf1 f5 28. Rd2 Re4 29. b3 Kg6 30. Bd4 Be2 31. Rc1 gxf4 32. gxf4 Rxf4 33. Rxe2 {And now Re6+ would win.} Rxd4 $11 {[%mdl 4096] Endgame KRR-KRR} 34. Re6+ {[%mdl 64] [#] Double Attack} Kg5 35. Rxc6 axb3 36. axb3 Rd2 37. Rf1 Ra2 38. Rf2 Ra1+ 39. Rf1 Ra2 40. Rf2 Ra1+ 41. Rf1 {Accuracy: White = 64%, Black = 56%.} 1/2-1/2

[Event "GCT Cote d Ivoire Rapid 2019"]
[Site "Abidjan"]
[Date "2019.05.09"]
[Round "6.3"]
[White "Vachier-Lagrave, Maxime"]
[Black "So, Wesley"]
[Result "1/2-1/2"]
[WhiteElo "2792"]
[BlackElo "2772"]
[Annotator "TA"]
[PlyCount "69"]
[EventDate "2019.05.05"]
[EventType "tourn"]
[SourceTitle "playchess.com"]
[Source "ChessBase"]
[SourceQuality "1"]

{[%evp 12,69,16,5,16,14,6,0,0,0,2,0,0,0,0,8,11,-4,0,0,6,-20,-27,-30,-52,-59,0,0,0,0,0,0,0,0,0,0,0,0,0,0,0,-2,0,0,0,0,0,0,0,0,0,0,0,0,0,0,0,0,0,0]} 1. e4 e5 2. Nf3 Nc6 3. Bb5 Nf6 4. d3 Bc5 5. c3 O-O 6. O-O d6 7. Nbd2 Ne7 {C65: Ruy Lopez: Berlin Defence (3...Nf6), unusual lines and 4 0-0 Bc5} 8. d4 exd4 9. cxd4 Bb6 10. Re1 Bg4 11. Qb3 $146 ({Predecessor:} 11. h3 Bh5 12. Qb3 d5 13. e5 {½-½ (42) Caruana,F (2794)-Giri,A (2793) Moscow 2016}) 11... d5 12. e5 Nd7 13. h3 Bh5 14. Qd1 f6 15. e6 Nb8 $1 16. g4 Bg6 17. Nf1 Qd6 18. Ng3 Nbc6 ({Black should play} 18... c5 $15) 19. Bxc6 $1 $11 {The position is equal.} bxc6 20. a4 {[#] Strongly threatening a5.} Ba5 21. Bd2 Bxd2 22. Qxd2 Rab8 23. Rac1 Qb4 24. Qxb4 Rxb4 25. Nh4 $1 Rxa4 26. Ngf5 Bxf5 27. Nxf5 Re8 28. Nxe7+ Rxe7 29. Rxc6 Rxd4 {[%mdl 4096] Endgame KRR-KRR} 30. Ra1 Re4 31. Rxa7 {[#] Ra8+ would kill now.} R4xe6 32. Rxe6 Rxe6 33. Rxc7 Rb6 34. Rd7 Rxb2 35. Rxd5 {Accuracy: White = 88%, Black = 89%.} 1/2-1/2